Wszystkie piosenki - Josef Bratan - Statystyki

Ogólne statystyki
  • Ten quiz został rozwiązany 16 razy
  • Średni wynik to 4 z 8
Statystyki odpowiedzi
Hint Odpowiedź % Poprawnych
Rebelianci (z Alberto) Rebelianci
92%
Rebelianci (z Alberto) Złomek
77%
Rebelianci (z Alberto) Piraci
62%
Rebelianci (z Alberto) New Era (feat. Bango Balenci)
31%
Rebelianci (z Alberto) Odciski palców (feat. Malik Montana)
31%
Rebelianci (z Alberto) Sao Paulo
31%
Rebelianci (z Alberto) Zieleń i Jazz (feat. Alijandro & Kenny)
31%
Rebelianci (z Alberto) Kombinator
23%
Nie znaleziono quizów pasujących do podanych kryteriów
Rozkład punktacji
Procent ludzi z każdym wynikiem
Percentyl według liczby udzielonych odpowiedzi
Twoja historia wyników
Nie rozwiązałeś tego quizu